LEADER 00921nam--2200337---450 001 990000803150203316 005 20210414112116.0 010 $a88-05-05600-6 035 $a0080315 035 $aUSA010080315 035 $a(ALEPH)000080315USA01 035 $a0080315 100 $a20011210d1996----km-y0itay0103----ba 101 $aita 102 $aIT 105 $a||||||||001yy 200 1 $a<> storia$ecinque secoli di esperienza italo-americana$fJerre Mangione, Ben Morreale 210 $aTorino$cSEI$d1996 215 $aXIX, 510 p$d23 cm 225 2 $aStoria 410 $12001$aStoria 606 0 $aImmigrati italiani$yAmerica 676 $a305.85107 700 1$aMANGIONE,$bJerre$0142740 801 0$aIT$bsalbc$gISBD 912 $a990000803150203316 951 $aX.3.B. 684 (VIII A COLL 150/3)$b136099 L.M.$cVIII A COLL 959 $aBK 969 $aUMA 996 $aStoria$9966239 997 $aUNISA LEADER 01512nam 2200481Ka 450 001 9910695550103321 005 20070207145656.0 035 $a(CKB)5470000002371270 035 $a(OCoLC)82203758 035 $a(EXLCZ)995470000002371270 100 $a20070207d2000 ua 0 101 0 $aeng 181 $ctxt$2rdacontent 182 $cc$2rdamedia 183 $acr$2rdacarrier 200 00$aBOREAS TE-12 SSA shoot geometry data$b[electronic resource] /$fElizabeth A. Walter-Shea ... [and others] 210 1$aGreenbelt, Md. :$cNASA Goddard Space Flight Center,$d[2000] 215 $a1 volume $cdigital, PDF file 225 1 $aTechnical report series on the Boreal Ecosystem-Atmosphere Study (BOREAS) ;$v169 225 1 $aNASA/TM ;$v2000-209891, v. 169 300 $aTitle from title screen (viewed on Feb. 7, 2007). 300 $a"October 2000." 320 $aIncludes bibliographical references. 606 $aEcology$2nasat 606 $aForests$2nasat 606 $aLength$2nasat 606 $aThickness$2nasat 606 $aVegetation$2nasat 606 $aVolume$2nasat 615 7$aEcology. 615 7$aForests. 615 7$aLength. 615 7$aThickness. 615 7$aVegetation. 615 7$aVolume. 701 $aWalter-Shea$b Elizabeth A$01387081 712 02$aGoddard Space Flight Center. 801 0$bGPO 801 1$bGPO 906 $aBOOK 912 $a9910695550103321 996 $aBOREAS TE-12 SSA shoot geometry data$93464002 997 $aUNINA